| 000 | 01292cam a22002651 4500 | ||
|---|---|---|---|
| 001 | rc 01002692 | ||
| 003 | DLC | ||
| 005 | 20260227111907.0 | ||
| 008 | 800515s1855 nyub 000 0 eng | ||
| 010 | _arc 01002692 | ||
| 035 | _a(OCoLC)6320975 | ||
| 040 |
_aDLC _cInU _dInHi _dDLC |
||
| 043 | _an-us--- | ||
| 050 | 0 | 0 |
_aF597 _b.C724 |
| 100 | 1 |
_aColton, J. H. _q(Joseph Hutchins), _d1800-1893. |
|
| 245 | 0 | 9 |
_aColton's traveler and tourist's guide-book through the western states and territories, _bcontaining brief descriptions of each, with the routes and distances on the great lines of travel. Accompanied by a map, exhibiting the township lines of the U. S. surveys, the boundaries of counties, position of cities, villages, settlements, etc. |
| 260 |
_aNew York, _bJ. H. Colton and company, _c1855. |
||
| 300 |
_a99, [1] p. _bfold. map. _c16 cm. |
||
| 500 | _aImperfect: map wanting. | ||
| 500 | _aIncludes the states of Ohio, Michigan, Indiana, Illinois, Missouri, Iowa and Wisconsin, and the territories of Minnesota, Kansas and Nebraska. | ||
| 500 | _aBased in part upon an earlier work: The western tourist, or Emigrant's guide, New York, 1844. | ||
| 651 | 0 |
_aNorthwest, Old _vGuidebooks. |
|
| 651 | 0 |
_aMississippi River Valley _vGuidebooks. |
|
| 700 | 1 | _aSmith, John Calvin. | |
| 999 |
_c52376 _d52376 |
||